| 000 | 00879cab a2200265 4500 | ||
|---|---|---|---|
| 001 | ABS60160 | ||
| 008 | 090401t1999 xxu||||| |||| 00| 0 eng d | ||
| 035 | _a(Sirsi) u91332 | ||
| 041 | _aeng | ||
| 100 | _aHoare, S. | ||
| 245 | 4 | _aThe loan arrangers | |
| 260 | _c1999 | ||
| 350 | _a0 | ||
| 490 |
_aHouse Builder _v58(1) January/February 1999, 37(2) |
||
| 520 | _aHigh street banks seem to be unwilling to lend money to housebuilders in the current economic climate. Therefore, housebuilders are turning to banks who specialise in property investment. Outlines the steps involved in securing finance for building projects. | ||
| 650 | _aBANKS | ||
| 650 | _aBROKERS | ||
| 650 | _aHOUSE BUILDERS | ||
| 650 | _aLENDING | ||
| 650 | _aLOANS | ||
| 650 | _aPROPERTY FINANCE | ||
| 690 | _aPROPERTY-PROPERTY FINANCE AND INVESTMENT | ||
| 942 | _n0 | ||
| 948 | _c16/02/1999 | ||
| 999 |
_c57959 _d57959 |
||